[Event "Ì11Ï"]
[Site "Loo"]
[Date "2017.04.23"]
[Round "4.30"]
[White "Ãàáðóê, Èâàí."]
[Black "Âîëîøêèí, Äàíèèë."]
[Result "0-1"]
[WhiteElo "1297"]
[BlackElo "1418"]
[PlyCount "100"]
[EventDate "2017.04.20"]

1. e4 c5 2. c3 d6 3. d4 Nd7 4. Nf3 Qc7 5. Bb5 g6 6. Be3 Bg7 7. dxc5 dxc5 8. O-O
Ngf6 9. Nbd2 O-O 10. Re1 Ng4 11. Bg5 Nde5 12. Bf4 Nxf3+ 13. Qxf3 Be5 14. Bxe5
Qxe5 15. Qg3 a6 16. Qxe5 Nxe5 17. Bf1 Be6 18. f4 Rfd8 19. Nb1 Nd3 20. Bxd3 Rxd3
21. Kf2 Rad8 22. h3 h5 23. Re3 Rxe3 24. Kxe3 Rd1 25. Ke2 Rc1 26. Ke3 f5 27. e5
Bd5 28. Kd2 Rg1 29. b3 Be4 30. Ke3 Rxb1 31. Rxb1 Bxb1 32. a3 h4 33. b4 cxb4 34.
cxb4 Be4 35. Kf2 b5 36. g3 hxg3+ 37. Kxg3 Kg7 38. Kh4 Kh6 39. Kg3 Kh5 40. Kf2
Kh4 41. Ke3 Kg3 42. e6 Bd5 43. Kd4 Bxe6 44. Kc5 Kxf4 45. Kb6 Bc4 46. Kxa6 e5
47. Kb6 e4 48. Kc5 e3 49. a4 bxa4 50. Kxc4 e2 0-1

[Event "Ì11Ï"]
[Site "Loo"]
[Date "2017.04.23"]
[Round "4.31"]
[White "Øåëåïíåâ, Àðòåì."]
[Black "Òðóõàíîâ, Ìèõàèë."]
[Result "0-1"]
[WhiteElo "1413"]
[BlackElo "1342"]
[PlyCount "200"]
[EventDate "2017.04.20"]

1. e4 c6 2. d4 d5 3. Nc3 dxe4 4. Nxe4 Bf5 5. Ng3 Bg6 6. h4 h6 7. h5 Bh7 8. Nf3
Nd7 9. Bd3 Bxd3 10. Qxd3 Qc7 11. Bd2 e6 12. O-O-O O-O-O 13. Kb1 Ngf6 14. Ka1
Bd6 15. Ne4 Nxe4 16. Qxe4 Nf6 17. Qd3 Kb8 18. g3 Ka8 19. Qb3 Nd5 20. c4 Nf6 21.
c5 Be7 22. Qa4 Rd5 23. Ba5 Qc8 24. Ne5 Rf8 25. Nc4 Kb8 26. Nb6 Qe8 27. Nxd5
Nxd5 28. Bc3 Bg5 29. Bd2 Bf6 30. Be3 Qc8 31. Rd3 Re8 32. Ra3 a6 33. Rb3 Ka8 34.
Rd3 Rd8 35. Rb1 Be7 36. b4 Nc7 37. Qb3 Bf6 38. a4 Rd7 39. b5 cxb5 40. axb5 Nxb5
41. Qc4 e5 42. Rc1 exd4 43. Bf4 Qd8 44. c6 Qa5+ 45. Kb2 bxc6 46. Qxc6+ Rb7 47.
Qc8+ Ka7 48. Qc5+ Qb6 49. Qxb6+ Rxb6 50. Kc2 Rc6+ 51. Kd2 Nc3 52. Ke1 Re6+ 53.
Kf1 a5 54. Bc7 a4 55. f4 a3 56. Be5 Bxe5 57. fxe5 Nb5 58. Re1 Kb6 59. Rb3 f6
60. Reb1 Rxe5 61. Rxa3 Rxh5 62. Kg2 Rd5 63. Rd3 Kc6 64. Rb4 Kc5 65. Ra4 Kd6 66.
Rb4 Ke5 67. Rb2 Nc3 68. Rb3 Ke4 69. Rbxc3 dxc3 70. Rxc3 Rg5 71. Rc4+ Kd5 72.
Ra4 Ke6 73. Ra6+ Kf7 74. Ra7+ Kg6 75. Ra4 h5 76. Rh4 Rg4 77. Rh1 Kg5 78. Ra1 h4
79. Ra5+ f5 80. Ra3 Rxg3+ 81. Rxg3+ hxg3 82. Kxg3 f4+ 83. Kf3 Kf5 84. Kf2 Kg4
85. Kg2 f3+ 86. Kf2 Kf4 87. Kf1 Ke3 88. Ke1 f2+ 89. Kf1 g6 90. Kg2 Ke2 91. Kh2
f1=Q 92. Kg3 g5 93. Kh2 Qf4+ 94. Kh3 g4+ 95. Kh4 g3+ 96. Kh3 Qf2 97. Kg4 g2 98.
Kh3 Ke3 99. Kh2 g1=R+ 100. Kh3 Qg3# 0-1

[Event "Ì11Ï"]
[Site "Loo"]
[Date "2017.04.23"]
[Round "4.32"]
[White "Êîðîëåâ, Àðòåì (Ñ-Ï)."]
[Black "Ìåëèêÿí, Âàðäàí."]
[Result "0-1"]
[WhiteElo "1403"]
[BlackElo "1337"]
[PlyCount "122"]
[EventDate "2017.04.20"]

1. c4 e5 2. Nc3 Nf6 3. g3 Nc6 4. Bg2 Bc5 5. e3 Bb6 6. Nge2 d6 7. O-O O-O 8. d4
exd4 9. exd4 Bg4 10. Be3 Re8 11. Qd2 Rb8 12. h3 Bf5 13. a3 Na5 14. Rad1 Nxc4
15. Qc1 Nxe3 16. fxe3 Bg6 17. Nf4 c6 18. Nxg6 hxg6 19. Rf3 Qe7 20. Qc2 Bc7 21.
Rdf1 Rf8 22. Qd3 d5 23. g4 Ne4 24. Rd1 Rbe8 25. Rff1 Nxc3 26. Qxc3 Qxe3+ 27.
Qxe3 Rxe3 28. Rfe1 Rfe8 29. Rxe3 Rxe3 30. Kf2 Rb3 31. Rd2 Bb6 32. Bf3 Rxb2 33.
Rxb2 Bxd4+ 34. Ke2 Bxb2 35. a4 Kf8 36. Kd3 Ke7 37. Kc2 Bd4 38. Kd3 Bb6 39. g5
f5 40. Ke2 Ke6 41. h4 Bd8 42. Kd3 Ke5 43. Bd1 a6 44. Be2 b5 45. axb5 axb5 46.
Kc3 Be7 47. Bf3 c5 48. Be2 d4+ 49. Kd3 c4+ 50. Kd2 d3 51. Bd1 Kd4 52. Bf3 c3+
53. Kc1 b4 54. Bd1 c2 55. Bxc2 dxc2 56. Kxc2 Ke4 57. Kb3 Ke3 58. Kc2 Ke2 59.
Kb3 f4 60. Kb2 f3 61. Kc2 f2 0-1

[Event "Ì11Ï"]
[Site "Loo"]
[Date "2017.04.23"]
[Round "4.33"]
[White "Èñàéêèí, Âàëåðèé."]
[Black "Ïóãà÷, Ãëåá."]
[Result "1/2-1/2"]
[WhiteElo "1297"]
[BlackElo "1403"]
[PlyCount "80"]
[EventDate "2017.04.20"]

1. d4 d5 2. c4 e6 3. Nf3 Nf6 4. g3 Be7 5. Bg2 O-O 6. O-O dxc4 7. Qc2 a6 8. Qxc4
b5 9. Qc3 Bb7 10. Bf4 Nd5 11. Qd2 Nxf4 12. Qxf4 c5 13. Rd1 Bf6 14. Nc3 cxd4 15.
Nxd4 Qb6 16. Bxb7 Qxb7 17. e4 e5 18. Qg4 exd4 19. Nd5 Qc6 20. e5 Qxd5 21. exf6
g6 22. Qf4 Nd7 23. Rxd4 Qe6 24. Rxd7 Rac8 25. Rd6 Qh3 26. Rad1 Rc5 27. Rd8 Rc8
28. Rxc8 Rxc8 29. Qd6 h6 30. Re1 Qf5 31. Qxa6 Rc2 32. Qb6 Rxb2 33. a4 b4 34. a5
Rb1 35. Rxb1 Qxb1+ 36. Kg2 Qe4+ 37. Kh3 Qf5+ 38. Kg2 Qe4+ 39. Kg1 Qb1+ 40. Kg2
Qe4+ 1/2-1/2

[Event "Ì11Ï"]
[Site "Loo"]
[Date "2017.04.23"]
[Round "4.34"]
[White "Òåòþåâ, Ñòåïàí."]
[Black "Ìàêñèí, Âëàäèìèð."]
[Result "1/2-1/2"]
[WhiteElo "1395"]
[BlackElo "1325"]
[PlyCount "117"]
[EventDate "2017.04.20"]

1. e4 c5 2. Nf3 Nf6 3. d3 e6 4. c3 a6 5. Be2 Be7 6. O-O O-O 7. Re1 b5 8. Bf4
Bb7 9. Nbd2 d6 10. Nf1 Nbd7 11. Ng3 Nb6 12. Bf1 Na4 13. Qd2 a5 14. d4 b4 15.
Rab1 Ra7 16. Bb5 Nb6 17. Rbd1 Qa8 18. Qc2 a4 19. dxc5 dxc5 20. Bc7 Bxe4 21.
Nxe4 Rxc7 22. Nxf6+ Bxf6 23. cxb4 Rfc8 24. Ne5 cxb4 25. Qe4 Qxe4 26. Rxe4 Rc1
27. Rxc1 Rxc1+ 28. Bf1 Bxe5 29. Rxe5 g6 30. Rb5 Nd5 31. g3 Rb1 32. Ra5 Rxb2 33.
Rxa4 Nc3 34. Ra8+ Kg7 35. Bc4 Rb1+ 36. Kg2 Rb2 37. Kf3 Nd1 38. Be2 Nc3 39. Bc4
g5 40. g4 Nb1 41. Bd3 Nc3 42. Bc4 Rb1 43. Bb3 Nb5 44. Ke3 Rh1 45. Ra5 Nc3 46.
Rxg5+ Kf6 47. Rh5 Kg6 48. Bc2+ f5 49. Rh3 Nxa2 50. gxf5+ exf5 51. Rg3+ Kf6 52.
Rf3 Rxh2 53. Rxf5+ Ke6 54. Rf3 Nc3 55. Bb3+ Ke5 56. Rf4 Rh3+ 57. f3 Nd5+ 58.
Bxd5 Kxd5 59. Rxb4 1/2-1/2

[Event "Ì11Ï"]
[Site "Loo"]
[Date "2017.04.23"]
[Round "4.35"]
[White "Ãðèøèí, ßðîñëàâ."]
[Black "Øóøóíîâ, Àëåêñåé."]
[Result "1/2-1/2"]
[WhiteElo "1296"]
[BlackElo "1394"]
[PlyCount "192"]
[EventDate "2017.04.20"]

1. e4 c6 2. Nf3 d5 3. Nc3 dxe4 4. Nxe4 Bf5 5. Ng3 Bg6 6. h4 h6 7. Ne5 Bh7 8.
Qh5 g6 9. Qf3 Nf6 10. Ne4 Bg7 11. Bc4 e6 12. d3 O-O 13. Nxf6+ Qxf6 14. Qxf6
Bxf6 15. Ng4 Bg7 16. Nxh6+ Bxh6 17. Bxh6 Re8 18. O-O a5 19. a3 Nd7 20. Rfe1 Nf6
21. f3 Nd5 22. Bxd5 cxd5 23. Rad1 Rac8 24. c3 b5 25. Bg5 Kg7 26. Rc1 f6 27. Be3
Bg8 28. d4 Rc6 29. Re2 Rec8 30. Ree1 Bf7 31. Bf4 Bg8 32. Kh2 Rc4 33. Bd2 Bf7
34. Kh3 Rb8 35. g4 b4 36. Rb1 Kf8 37. Kg3 Kg7 38. Rec1 Be8 39. cxb4 Rxd4 40.
Bc3 Rd3 41. bxa5 e5 42. Rd1 Re3 43. Re1 Rxe1 44. Rxe1 d4 45. Bb4 Bb5 46. Rc1
Kf7 47. Rc7+ Ke6 48. a6 d3 49. a7 Ra8 50. Kf2 Rd8 51. Ke1 Ra8 52. Kd2 f5 53. g5
e4 54. f4 Ba4 55. Ke3 Rd8 56. Kd2 Kd5 57. Re7 Rc8 58. Bc3 Kd6 59. Rg7 Be8 60.
Rb7 Bc6 61. Rb8 Kc7 62. Be5+ Kd7 63. Rxc8 Kxc8 64. b3 Kb7 65. Bb8 Bd5 66. Kc3
d2 67. Kxd2 Bxb3 68. Ke3 Bc2 69. Kd4 Bd1 70. Kc3 e3 71. Kd3 e2 72. Kd2 Ka8 73.
a4 Bxa4 74. Kxe2 Kb7 75. Ke3 Bc6 76. Kd4 Bf3 77. Kc5 Bd1 78. Kd5 Bf3+ 79. Ke6
Bg4 80. Kf6 Bh5 81. Kg7 Ka8 82. Kf8 Kb7 83. Kf7 Ka8 84. Ke7 Kb7 85. Kd6 Bf3 86.
Kc5 Bg4 87. Kb5 Be2+ 88. Ka5 Bf3 89. Kb4 Be2 90. Kc3 Bf3 91. Kd2 Bg4 92. Ke3
Bd1 93. Kd2 Bf3 94. Ke3 Bd1 95. Kd4 Bf3 96. Ke5 Bg4 1/2-1/2

[Event "Ì11Ï"]
[Site "Loo"]
[Date "2017.04.23"]
[Round "4.36"]
[White "Áèñêóï, Ñòåïàí."]
[Black "Àáåëîâ, Åãîð."]
[Result "1-0"]
[WhiteElo "1394"]
[BlackElo "1324"]
[PlyCount "105"]
[EventDate "2017.04.20"]

1. d4 Nf6 2. Nf3 e6 3. g3 Nc6 4. Bg2 Be7 5. O-O O-O 6. c4 d5 7. Nc3 dxc4 8. Bf4
Bd6 9. Ne5 Ne7 10. e4 Ng6 11. Nxg6 hxg6 12. e5 Nh5 13. exd6 Nxf4 14. gxf4 cxd6
15. d5 Kh7 16. dxe6 Bxe6 17. Re1 Rh8 18. Ne4 Kg8 19. Qxd6 Qh4 20. f5 gxf5 21.
Nc5 Rd8 22. Qg3 Qf6 23. Nxe6 fxe6 24. Qe5 Qxe5 25. Rxe5 Kf7 26. Rae1 Rhe8 27.
Bxb7 Rd2 28. Ba6 Rb8 29. Bxc4 Rbxb2 30. Rxe6 g6 31. R6e2+ Kg7 32. Rxd2 Rxd2 33.
Re2 Rd7 34. Kg2 g5 35. Re5 Kf6 36. Re6+ Kg7 37. Ra6 f4 38. Ra3 Kf6 39. Rb3 Ke5
40. Rb2 Kf6 41. f3 Kg7 42. a4 Kf6 43. a5 Ke5 44. a6 Rd4 45. Be2 Rd8 46. Rb7 Ra8
47. Bd3 Kd4 48. Be4 Re8 49. Rxa7 Rxe4 50. fxe4 Kxe4 51. Rf7 g4 52. a7 f3+ 53.
Kf2 1-0

[Event "Ì11Ï"]
[Site "Loo"]
[Date "2017.04.23"]
[Round "4.37"]
[White "Êóëàêîâ, Òèìîôåé."]
[Black "Óëüÿíîâ, Íèêèòà."]
[Result "1/2-1/2"]
[WhiteElo "1392"]
[BlackElo "1316"]
[PlyCount "81"]
[EventDate "2017.04.20"]

1. e4 Nf6 2. e5 Nd5 3. c4 Nb6 4. Nf3 d6 5. exd6 exd6 6. Be2 Be6 7. b3 Be7 8.
Bb2 Bf6 9. Nc3 O-O 10. O-O Nc6 11. d4 Bg4 12. d5 Bxf3 13. Bxf3 Ne5 14. Be4 Re8
15. Bc2 Ng6 16. Qd3 Qd7 17. Rfe1 Rxe1+ 18. Rxe1 Re8 19. Re3 Rxe3 20. Qxe3 Qe7
21. Qxe7 Nxe7 22. Kf1 Kf8 23. Ke2 c6 24. dxc6 Nxc6 25. Kd3 Ne5+ 26. Ke2 Nc6 27.
Kd2 h6 28. Ba3 Ke7 29. c5 dxc5 30. Bxc5+ Ke6 31. g4 Bxc3+ 32. Kxc3 Nd5+ 33. Kd2
b6 34. Be3 Nxe3 35. Kxe3 Ne5 36. h3 g6 37. Be4 f5 38. gxf5+ gxf5 39. Bb7 Kf6
40. f4 Nd7 41. Bc6 1/2-1/2

[Event "Ì11Ï"]
[Site "Loo"]
[Date "2017.04.23"]
[Round "4.38"]
[White "Ôàèçîâ, Ðàèëü."]
[Black "Êóõòèí, Âëàäèñëàâ."]
[Result "1-0"]
[WhiteElo "1293"]
[BlackElo "1392"]
[PlyCount "67"]
[EventDate "2017.04.20"]

1. e4 c5 2. Nf3 Nc6 3. d4 cxd4 4. Nxd4 e6 5. Nc3 a6 6. Be3 Qc7 7. Qd2 d6 8. Be2
Nf6 9. O-O Be7 10. Rad1 O-O 11. Bg5 b5 12. Nxc6 Qxc6 13. Bf3 d5 14. exd5 exd5
15. Bxf6 Bxf6 16. Bxd5 Bxc3 17. bxc3 Qg6 18. Bxa8 Be6 19. Bf3 h6 20. Qd3 Bf5
21. Qd6 Qg5 22. Qg3 Qe7 23. Qd6 Qg5 24. Qd2 Qf6 25. Qd4 Qg5 26. Be4 Bg4 27. f3
Bh3 28. f4 Qg4 29. Rd3 Qe6 30. Rxh3 Re8 31. Bd5 Qe7 32. Rg3 g6 33. Rxg6+ Kh7
34. Qg7# 1-0

[Event "Ì11Ï"]
[Site "Loo"]
[Date "2017.04.23"]
[Round "4.39"]
[White "Âîëîâè÷, Åâãåíèé."]
[Black "Ãðèùåíêî, Àðò¸ì."]
[Result "0-1"]
[WhiteElo "1292"]
[BlackElo "1384"]
[PlyCount "76"]
[EventDate "2017.04.20"]

1. e4 e5 2. Nf3 Nc6 3. d4 exd4 4. Nxd4 Nf6 5. Nxc6 bxc6 6. e5 Qe7 7. Qe2 Nd5 8.
c4 Nb6 9. b3 Bb7 10. Bb2 g6 11. e6 fxe6 12. Bxh8 Bg7 13. Nc3 Bxh8 14. Qd2 O-O-O
15. Qc2 Qg5 16. Rd1 c5 17. f3 Qh4+ 18. Ke2 Qg5 19. Kf2 Bd4+ 20. Rxd4 cxd4 21.
Nd1 Rf8 22. Bd3 Qh4+ 23. Kg1 Qe1+ 24. Bf1 Ba6 25. Qe2 Qxe2 26. Bxe2 d5 27. Nb2
dxc4 28. bxc4 e5 29. Kf2 e4 30. c5 e3+ 31. Ke1 Bxe2 32. cxb6 Bb5 33. bxc7 Kxc7
34. Kd1 a5 35. Kc2 Kd6 36. a4 Rc8+ 37. Kb1 Ba6 38. Rd1 Kd5 0-1

[Event "Ì11Ï"]
[Site "Loo"]
[Date "2017.04.23"]
[Round "4.40"]
[White "Íîâèêîâ, Ôåäîð."]
[Black "Ïîòàïîâ, Äìèòðèé."]
[Result "0-1"]
[WhiteElo "1287"]
[BlackElo "1383"]
[PlyCount "66"]
[EventDate "2017.04.20"]

1. e4 e5 2. Nf3 Nc6 3. Bc4 Bc5 4. O-O d6 5. c3 h6 6. d4 exd4 7. cxd4 Bb4 8. a3
Ba5 9. b4 Bb6 10. Nbd2 Nxd4 11. Bb2 Bg4 12. h3 Nxf3+ 13. Nxf3 Bxf3 14. Qxf3 Nf6
15. e5 dxe5 16. Qxb7 O-O 17. Bxe5 Re8 18. Bb2 Ne4 19. Rad1 Qh4 20. Bd4 Nd6 21.
Qd5 Nxc4 22. Qxc4 Rad8 23. g4 Re4 24. Bf6 Qg3+ 25. Kh1 Qxh3+ 26. Kg1 Rxc4 27.
Rxd8+ Kh7 28. Bd4 Bxd4 29. Rxd4 Rxd4 30. f3 Rd2 31. Rf2 Qg3+ 32. Kh1 Rd1+ 33.
Rf1 Rxf1# 0-1

[Event "Ì11Ï"]
[Site "Loo"]
[Date "2017.04.23"]
[Round "4.41"]
[White "Çàêèðîâ, Ìóñà."]
[Black "Ãàãàðèíîâ, Àíäðåé."]
[Result "0-1"]
[WhiteElo "1380"]
[BlackElo "1297"]
[PlyCount "132"]
[EventDate "2017.04.20"]

1. c4 e5 2. Nc3 Nf6 3. Nf3 Nc6 4. g3 d6 5. Bg2 h6 6. d3 Be7 7. O-O O-O 8. a3
Rb8 9. Rb1 Be6 10. e4 Qd7 11. Be3 a6 12. Nd5 Nd8 13. b4 Bxd5 14. exd5 c6 15. d4
cxd5 16. dxe5 dxe5 17. Nxe5 Qc7 18. Qd4 Ne6 19. Qc3 b5 20. Rbc1 dxc4 21. Nc6
Rbc8 22. Nxe7+ Qxe7 23. Rfe1 Rfd8 24. h3 Nd5 25. Qb2 Nxe3 26. Rxe3 Qa7 27. Qc3
Qd4 28. Qxd4 Nxd4 29. Bb7 Rb8 30. Be4 Nb3 31. Rcc3 Rd1+ 32. Kg2 Ra1 33. Rxb3
cxb3 34. Rxb3 Re1 35. Bf3 Re7 36. Rc3 Rb6 37. Rd3 g6 38. Rc3 Kg7 39. Rd3 Rc7
40. Rb3 Rd6 41. Re3 Kf6 42. Kh2 Rd2 43. Kg1 Rc1+ 44. Kg2 Rcc2 45. Kg1 Rxf2 46.
Be4 Rfd2 47. Bxc2 Rxc2 48. Kf1 Rc6 49. Kf2 Re6 50. Kf3 Rxe3+ 51. Kxe3 Ke5 52.
Kd3 Kd5 53. g4 f5 54. gxf5 gxf5 55. h4 h5 56. Kc3 Ke5 57. Kd3 f4 58. Ke2 Ke4
59. Kf2 f3 60. Kf1 Ke3 61. Ke1 f2+ 62. Kf1 Kf3 63. a4 bxa4 64. b5 a3 65. bxa6
a2 66. a7 a1=Q# 0-1

[Event "Ì11Ï"]
[Site "Loo"]
[Date "2017.04.23"]
[Round "4.42"]
[White "Ñîêîëîâ, Åãîð."]
[Black "Ñèìàêîâ, Âàäèì."]
[Result "1-0"]
[WhiteElo "1372"]
[BlackElo "1296"]
[PlyCount "72"]
[EventDate "2017.04.20"]

1. e4 e5 2. Nf3 Nc6 3. Nc3 Nf6 4. Bb5 d6 5. d4 exd4 6. Nxd4 Bd7 7. Bxc6 bxc6 8.
O-O Be7 9. f4 O-O 10. Qf3 Bg4 11. Qg3 c5 12. Nc6 Qd7 13. Nxe7+ Qxe7 14. e5 dxe5
15. fxe5 Nd7 16. Qxg4 Nxe5 17. Qg3 Ng6 18. Qe3 Qd6 19. Rd1 Qc6 20. Qe4 Qb6 21.
Nd5 Qd6 22. Bf4 Rfe8 23. Qxe8+ Rxe8 24. Bxd6 cxd6 25. Re1 Ne5 26. Rad1 h6 27.
Nf4 g5 28. Nd3 Rb8 29. Nxe5 dxe5 30. b3 f6 31. Rd7 Rf8 32. Rxa7 Rf7 33. Rxf7
Kxf7 34. Rd1 Ke6 35. a4 h5 36. a5 Kf5 1-0

[Event "Ì11Ï"]
[Site "Loo"]
[Date "2017.04.23"]
[Round "4.43"]
[White "Ïîçäååâ, Äìèòðèé."]
[Black "Êóçíåöîâ, Àëåêñàíäð."]
[Result "1-0"]
[WhiteElo "1281"]
[BlackElo "1369"]
[PlyCount "89"]
[EventDate "2017.04.20"]

1. e4 e6 2. d4 d5 3. Nd2 c5 4. exd5 exd5 5. Ngf3 c4 6. b3 c3 7. Nb1 Qc7 8. Qd3
Bb4 9. a3 Qa5 10. Qb5+ Nc6 11. Ne5 a6 12. Qxa5 Bxa5 13. Nxc6 bxc6 14. b4 Bb6
15. Be3 Bf5 16. Kd1 a5 17. b5 cxb5 18. Bxb5+ Kf8 19. Nxc3 Ne7 20. Na4 Ba7 21.
Nc5 Rc8 22. Nd7+ Kg8 23. Rc1 f6 24. c4 Bxd7 25. Bxd7 Rxc4 26. Be6+ Kf8 27. Rxc4
dxc4 28. Bxc4 Nf5 29. Bd2 Bxd4 30. Ke2 Bb6 31. Rb1 Bd8 32. Bxa5 Ke7 33. Bb4+
Kd7 34. Rd1+ Kc7 35. Be6 Re8 36. Ba5+ Kb7 37. Rxd8 Rxe6+ 38. Kd3 Ka6 39. Bb4
Rc6 40. Rd7 Rc1 41. Ke4 g6 42. Rxh7 Rh1 43. g4 Re1+ 44. Bxe1 Nd6+ 45. Kd5 1-0

[Event "Ì11Ï"]
[Site "Loo"]
[Date "2017.04.23"]
[Round "4.44"]
[White "×åðòêîâ, Ìàêñèì."]
[Black "Íàäâèäîâ, Ýëüâåê."]
[Result "1-0"]
[WhiteElo "1368"]
[BlackElo "1285"]
[PlyCount "63"]
[EventDate "2017.04.20"]

1. e4 e5 2. Nf3 Nc6 3. Bc4 Nf6 4. d3 Bc5 5. Nc3 d6 6. a3 Bg4 7. h3 Bh5 8. g4
Bg6 9. Na4 Nd7 10. Nxc5 Nxc5 11. Be3 Ne6 12. Qd2 Qd7 13. O-O-O O-O-O 14. c3 Kb8
15. Nh4 Na5 16. Ba2 c6 17. b4 Qc7 18. Qb2 d5 19. bxa5 Qxa5 20. Nf5 Nc5 21. Qb4
Qxb4 22. axb4 Bxf5 23. gxf5 Na4 24. Kc2 Rc8 25. Bb3 b5 26. Ra1 dxe4 27. dxe4
Nb6 28. Ra6 Kb7 29. Rha1 Ra8 30. Bxf7 Rhf8 31. Be6 Rf6 32. Bxb6 1-0

[Event "Ì11Ï"]
[Site "Loo"]
[Date "2017.04.23"]
[Round "4.45"]
[White "Ïàòðàêååâ, Ïàíêðàò."]
[Black "Õàððàñîâ, Äìèòðèé."]
[Result "0-1"]
[WhiteElo "1366"]
[BlackElo "1232"]
[PlyCount "44"]
[EventDate "2017.04.20"]

1. d4 d5 2. Bf4 Nf6 3. e3 e6 4. Nf3 c5 5. c3 Nc6 6. Bb5 Bd7 7. Bxc6 Bxc6 8.
Nbd2 Bd6 9. Ne5 O-O 10. O-O Bb5 11. Re1 Nd7 12. Nxf7 Rxf7 13. Bxd6 Qf6 14. Qf3
Qg6 15. Qh3 Re8 16. Rac1 e5 17. Bxe5 Nxe5 18. dxe5 Rxe5 19. Qc8+ Re8 20. Qxc5
Bc6 21. Qxa7 d4 22. cxd4 Qxg2# 0-1

[Event "Ì11Ï"]
[Site "Loo"]
[Date "2017.04.23"]
[Round "4.46"]
[White "Çàêèðîâ, Òèìóð."]
[Black "×óðêèí, Êîíñòàíòèí."]
[Result "1-0"]
[WhiteElo "1253"]
[BlackElo "1364"]
[PlyCount "99"]
[EventDate "2017.04.20"]

1. e4 e5 2. Nf3 Nc6 3. Bb5 a6 4. Ba4 Nf6 5. Bxc6 dxc6 6. d3 Bd6 7. O-O O-O 8.
h3 Be6 9. b3 Re8 10. Bb2 Re7 11. Nbd2 a5 12. Re1 a4 13. Nxe5 Bxe5 14. Bxe5 Bxh3
15. Bxf6 gxf6 16. gxh3 Kh8 17. Kh2 Qd6+ 18. Kh1 axb3 19. axb3 Rg8 20. Rg1 Rxg1+
21. Qxg1 Re8 22. Qg3 Qxg3 23. fxg3 Kg7 24. Nf3 Kg6 25. Ra5 b6 26. Rf5 Rg8 27.
g4 Ra8 28. e5 Ra1+ 29. Kg2 Ra2 30. Rxf6+ Kg7 31. Rxc6 Kf8 32. Rxc7 Ke8 33. Nd4
Ra5 34. Nf3 Ra2 35. d4 Kd8 36. Rc4 b5 37. Rc5 Ke7 38. d5 f6 39. Rc7+ Kd8 40. d6
fxe5 41. Nxe5 Ra6 42. Nf7+ Ke8 43. d7+ Kxf7 44. d8=Q+ Ke6 45. Qe7+ Kd5 46. Kf3
h5 47. Kf4 Rf6+ 48. Qxf6 hxg4 49. Qe7 gxh3 50. Qd7# 1-0

[Event "Ì11Ï"]
[Site "Loo"]
[Date "2017.04.23"]
[Round "4.47"]
[White "Ñàáèðîâ, Ìàðñåëü."]
[Black "Àâåðèí, Íèêîëàé."]
[Result "0-1"]
[WhiteElo "1138"]
[BlackElo "1363"]
[PlyCount "90"]
[EventDate "2017.04.20"]

1. e4 Nf6 2. e5 Nd5 3. d4 d6 4. Nf3 Bg4 5. Bc4 dxe5 6. dxe5 e6 7. O-O c6 8. Qd3
Nd7 9. Be3 Bxf3 10. gxf3 Nxe5 11. Qe4 Nxc4 12. Qxc4 Nxe3 13. fxe3 Qd5 14. Qxd5
exd5 15. Nc3 Bc5 16. Rae1 O-O-O 17. Kg2 f5 18. Kh3 Rd7 19. Kh4 Re8 20. Nd1 Rde7
21. Re2 Bxe3 22. Nxe3 Rxe3 23. Rxe3 Rxe3 24. Rf2 Kd7 25. Kg3 Ke6 26. h4 Re5 27.
h5 c5 28. Kf4 Re1 29. Rg2 Kf6 30. Rg5 g6 31. hxg6 hxg6 32. Rg2 d4 33. Kg3 Ra1
34. a3 Ra2 35. b4 b6 36. bxc5 bxc5 37. Rh2 Kg7 38. Kf4 Rxa3 39. Rf2 Kf6 40. Rh2
g5+ 41. Kg3 g4 42. Rh6+ Kg5 43. Rc6 Rxf3+ 44. Kg2 Rc3 45. Kf1 Rxc2 0-1

[Event "Ì11Ï"]
[Site "Loo"]
[Date "2017.04.23"]
[Round "4.48"]
[White "ßðèêîâ, Àðòåì."]
[Black "Ìîøêîâ, Àëåêñàíäð."]
[Result "1-0"]
[WhiteElo "1478"]
[BlackElo "1178"]
[PlyCount "79"]
[EventDate "2017.04.20"]

1. e4 c5 2. Nf3 d6 3. d4 cxd4 4. Nxd4 Nf6 5. f3 g6 6. c4 Bg7 7. Be3 O-O 8. Nc3
Nc6 9. Qd2 Re8 10. O-O-O Bd7 11. h4 Rc8 12. Kb1 Ne5 13. b3 a6 14. g4 Qc7 15.
Kb2 Nxf3 16. Qg2 Nxd4 17. Bxd4 Nxg4 18. Nd5 Bxd4+ 19. Rxd4 Qc5 20. Rd2 b5 21.
h5 g5 22. Be2 bxc4 23. bxc4 Qa5 24. Rc2 Rb8+ 25. Ka1 f5 26. exf5 Bxf5 27. Bxg4
Bxc2 28. Qxc2 Qc5 29. Rd1 e6 30. Nf6+ Kf7 31. Qxh7+ Kxf6 32. Rf1+ Ke5 33. Re1+
Kd4 34. Qe4+ Kc3 35. Rc1+ Kb4 36. Qe1+ Ka3 37. Qc3+ Ka4 38. Bd1+ Rb3 39. Bxb3+
Ka3 40. Bd1# 1-0

[Event "Ì11Ï"]
[Site "Loo"]
[Date "2017.04.23"]
[Round "4.49"]
[White "Ôåäîòîâ, Äàíèèë."]
[Black "Êóðíîñîâ, Åãîð."]
[Result "0-1"]
[WhiteElo "1240"]
[BlackElo "1467"]
[PlyCount "80"]
[EventDate "2017.04.20"]

1. e4 d6 2. d4 Nf6 3. Nc3 g6 4. f4 Bg7 5. Nf3 c6 6. Bd3 b5 7. a3 a5 8. e5 dxe5
9. fxe5 Nd5 10. Nxd5 Qxd5 11. O-O O-O 12. Bg5 f6 13. Bf4 Bg4 14. h3 Bxf3 15.
Qxf3 Qxd4+ 16. Kh1 fxe5 17. c3 Qxf4 18. Qe2 Qg5 19. Qe4 Rf4 20. Qe2 Nd7 21. c4
Nc5 22. cxb5 Nxd3 23. Qxd3 Qf5 24. Qb3+ Qf7 25. Qd3 e4 26. Qe2 cxb5 27. Qxb5
Rf8 28. Rxf4 Qxf4 29. Qxa5 e3 30. Qc5 Qe4 31. Re1 e2 32. Qb5 Qe5 33. Qc4+ Kh8
34. b4 Bh6 35. Qd3 Bc1 36. b5 Bxa3 37. b6 Bb4 38. Qxe2 Qxe2 39. Rxe2 Bd6 40. b7
Rf1# 0-1

[Event "Ì11Ï"]
[Site "Loo"]
[Date "2017.04.23"]
[Round "4.50"]
[White "Ìåðöàëîâ, Ñåì¸í."]
[Black "Ñåì¸íîâ, Èëüÿ."]
[Result "1-0"]
[WhiteElo "1215"]
[BlackElo "1440"]
[PlyCount "33"]
[EventDate "2017.04.20"]

1. d4 d5 2. Nf3 Nf6 3. Bf4 Bf5 4. e3 e6 5. c4 c5 6. Nc3 Nc6 7. cxd5 Nxd5 8. Bd3
cxd4 9. e4 dxc3 10. a3 Ndb4 11. axb4 Nxb4 12. Qa4+ Qd7 13. Qxd7+ Kxd7 14. Rc1
Bg4 15. Ne5+ Kd8 16. Nxg4 g6 17. Ne5 1-0

[Event "Ì11Ï"]
[Site "Loo"]
[Date "2017.04.23"]
[Round "4.51"]
[White "Ñòàðöåâ, Ìàêñèì."]
[Black "Íåãîðååâ, Çàõàð."]
[Result "1/2-1/2"]
[WhiteElo "1196"]
[BlackElo "1428"]
[PlyCount "56"]
[EventDate "2017.04.20"]

1. Nf3 Nf6 2. d4 e6 3. e3 c5 4. c4 cxd4 5. exd4 d5 6. Nc3 Be7 7. Be2 dxc4 8.
Bxc4 O-O 9. O-O Nbd7 10. Be3 Nb6 11. Bb3 Nbd5 12. Nxd5 Nxd5 13. Rc1 b6 14. Ne5
Nxe3 15. fxe3 Bg5 16. Qf3 Ba6 17. Rf2 Qe7 18. Rfc2 Rac8 19. Nc6 Qb7 20. Kh1 Qd7
21. Ne5 Qe7 22. Nc6 Qd7 23. Ne5 Qe7 24. Nc6 Qd7 25. Ne5 Qe7 26. Nc6 Qd7 27. Ne5
Qe7 28. Nc6 Qd7 1/2-1/2

[Event "Ì11Ï"]
[Site "Loo"]
[Date "2017.04.23"]
[Round "4.52"]
[White "Ãðèãîðÿí, Ðîìàí."]
[Black "Àíòîíîâ, Âëàäèìèð."]
[Result "1/2-1/2"]
[WhiteElo "1187"]
[BlackElo "1368"]
[PlyCount "149"]
[EventDate "2017.04.20"]

1. e4 e5 2. Nf3 Nf6 3. Nc3 Bb4 4. d3 d5 5. exd5 Nxd5 6. Bd2 Nxc3 7. Bxc3 Bxc3+
8. bxc3 Nc6 9. Be2 Bf5 10. O-O O-O 11. Rb1 Rb8 12. h3 e4 13. dxe4 Bxe4 14. Bd3
Bg6 15. Bxg6 fxg6 16. Re1 Qf6 17. Rb3 Na5 18. Qd5+ Kh8 19. Qxa5 b6 20. Qxa7 Qc6
21. Qa3 Ra8 22. Qb4 g5 23. Ra3 Rad8 24. Qe4 Qc5 25. Rb3 g6 26. Qe5+ Qxe5 27.
Rxe5 Rd1+ 28. Kh2 Rf1 29. Re2 Rf5 30. Ra3 h5 31. Ra8+ Kg7 32. Kg3 Rh1 33. h4
gxh4+ 34. Nxh4 Rg5+ 35. Kf3 Rxh4 36. Rd8 Rf5+ 37. Kg3 Rg4+ 38. Kh2 Rgf4 39. f3
Rf7 40. Rd4 R4f6 41. Red2 c5 42. Rd7 g5 43. Rxf7+ Rxf7 44. Rd6 Rf6 45. Rd5 Kg6
46. Kg3 Rf5 47. Rd6+ Rf6 48. Rxf6+ Kxf6 49. c4 Kf5 50. Kf2 g4 51. Kg3 h4+ 52.
Kf2 Kf4 53. fxg4 Kxg4 54. Kf1 Kf4 55. Kf2 Ke4 56. Ke2 Kd4 57. Kf3 Kxc4 58. Kg4
Kc3 59. Kxh4 Kxc2 60. g4 Kb2 61. g5 c4 62. g6 c3 63. g7 c2 64. g8=Q c1=Q 65.
Qb3+ Ka1 66. Qxb6 Qc4+ 67. Kh5 Qxa2 68. Qf6+ Qb2 69. Qf1+ Qb1 70. Qa6+ Qa2 71.
Qf1+ Qb1 72. Qf6+ Qb2 73. Qf1+ Qb1 74. Qa6+ Qa2 75. Qf6+ 1/2-1/2

[Event "Ì11Ï"]
[Site "Loo"]
[Date "2017.04.23"]
[Round "4.53"]
[White "Çîëîòûõ, Èâàí."]
[Black "Êóäèíîâ, Ðîìàí."]
[Result "0-1"]
[WhiteElo "1364"]
[BlackElo "1163"]
[PlyCount "70"]
[EventDate "2017.04.20"]

1. e4 e6 2. d4 d5 3. exd5 exd5 4. Nf3 Bd6 5. Nc3 Nf6 6. Bd3 O-O 7. O-O Bg4 8.
Bg5 c6 9. Re1 Nbd7 10. h3 Bh5 11. Bf5 Qc7 12. Qd3 Rfe8 13. Bxd7 Nxd7 14. Re3 f6
15. Rxe8+ Rxe8 16. Be3 Bxf3 17. gxf3 Bf4 18. Ne2 Bd6 19. Qd2 Nb6 20. b3 Qf7 21.
Re1 Qg6+ 22. Kh1 Qf5 23. Kg2 Nd7 24. Rg1 Nf8 25. Bf4 Rxe2 26. Qxe2 Qxf4 27. Qe3
Qh2+ 28. Kf1 Qxh3+ 29. Ke2 Qe6 30. Qxe6+ Nxe6 31. Kd3 Nf4+ 32. Ke3 Kf7 33. Rh1
h5 34. Rh4 Ng2+ 35. Ke2 Nxh4 0-1